000 00418nam a2200157Ia 4500
008 190328s9999||||xx |||||||||||||| ||und||
020 _a9789384961879
082 _a347.09
_bTRI/A
100 _aTripathi,S.C
245 0 _aAlternative Dispute Resolution
250 _a2nd
260 _aAllahabad
_bCentral Law Publications
_c2016
300 _a420
650 _aArbitration, Conciliation, Mediation,ADR
942 _cBK
999 _c4316
_d4316